000 00793nai a2200205Ia 4500
003 IN-BaIIA
008 211028c9999 xx s 000 0 eng d
022 _a0276-1165 (Print)
022 _a2331-396X (Online)
040 _cIIA Library
245 0 _aTransactions of the IRE Professional Group on Engineering Management
_h[eJournal]
260 _aNew York, USA
_bThe Institute of Electrical and Electronics Engineers, Inc. (IEEE)
310 _aBiannualy
362 _aPGEM-1;1954 - PGEM-2;1954
521 _bSubscribed through National Knowledge Resource Consortium (NKRC)
650 _a General Topics for Engineers
_948784
650 _aEngineering Profession
_948812
856 _uhttps://ieeexplore.ieee.org/servlet/opac?punumber=5010148
_yClick Here to Access eJournal
942 _cEJ
999 _c35826
_d35826